000 00848nam a2200253Ia 4500
003 OSt
005 20221005113428.0
006 a|||||r|||| 00| 0
007 ta
008 221004b |||||||| |||| 00| 0 pan d
020 _c100
024 _a5346
037 _b704, 14/06/2013, H.K. Prakashan
_cTextual
040 _aCRL
_cCRL
_bpan
041 _2pan
_apan
082 _aP153, P5
100 _aਗਿੱਲ, ਦਰFਨ, ਥਦ.
245 0 _aਪੰਜਾਬੀ ਭਾFਾ
_b ਕੋਮਾਂਤਰੀ ਪਰਿਪੇਖ
260 _aਲੁਧਿਆਣਾ
_bਚੇਤਨਾ ਪ੍ਰਕਾFਨ ਭਾਰਤ
_c2005
300 _a115ਪੰ
_ccm.
650 _aਪੰਜਾਬੀ ਭਾFਾ
942 _hP153, P5
_cTEXL
_2cc
999 _c1028147
_d1028147